Normal view MARC view

Entry Personal Name

Number of records used in: 3

001 - CONTROL NUMBER

  • control field: 34043

003 - CONTROL NUMBER IDENTIFIER

  • control field: dpl

005 - DATE AND TIME OF LATEST TRANSACTION

  • control field: 20110901101939.0

008 - FIXED-LENGTH DATA ELEMENTS

  • fixed length control field: 110901|||a|||||| | ||| d

040 ## - CATALOGING SOURCE

  • Original cataloging agency: dpl
  • Transcribing agency: dpl

100 ## - HEADING--PERSONAL NAME

  • Personal name: पद्म शास्त्री

670 ## - SOURCE DATA FOUND

  • Source citation: Work cat.: (dpl): पद्म शास्त्री, शान्ति कैसे मिलती है /, 2008

670 ## - SOURCE DATA FOUND

  • Source citation: Work cat.: (dpl): पद्म शास्त्री, शान्ति कैसे मिलती है /, 2008

© Delhi Public Library
Hit Counter
free hit counter